| 000 | 01078cam a2200265 a 4500 | ||
|---|---|---|---|
| 999 |
_c9429 _d9429 |
||
| 001 | 457150882 | ||
| 003 | OCoLC | ||
| 005 | 20241126110712.0 | ||
| 008 | 091103s2010 ilu b 000 0 eng | ||
| 010 | _a2009046510 | ||
| 020 | _a9780802471116 (pbk.) | ||
| 020 | _a0802471110 (pbk.) | ||
| 035 | _a(OCoLC)457150882 | ||
| 040 |
_aDLC _cDLC _dBTCTA _dITC _dSGB |
||
| 082 |
_a248.5 _bANY |
||
| 092 |
_a248.5 _bA637G |
||
| 100 | 1 |
_aAnyabwile, Thabiti M., _d1970- _916447 |
|
| 245 | 1 | 4 |
_aThe Gospel for Muslims : _ban encouragement to share Christ with confidence / _cThabiti Anyabwile |
| 260 |
_aChicago : _bMoody Publishers, _c2010 |
||
| 300 |
_a176 p. ; _c19 cm |
||
| 504 | _aIncludes bibliographical references (p. [173]-176) | ||
| 520 | _aThabiti Anyabwile, himself a convert from Islam to Christianity, instructs you in ways to share the good news of Christ with your neighbors and friends. The Gospel for Muslims allows you to focus on the people rather than the religious system. --from publisher description | ||
| 650 | 0 |
_aMissions to Muslims _93274 |
|
| 942 |
_2ddc _cBK _01 |
||